<?xml version="1.0" encoding="UTF-8"?>
<record
    xmlns:xsi="http://www.w3.org/2001/XMLSchema-instance"
    xsi:schemaLocation="http://www.loc.gov/MARC21/slim http://www.loc.gov/standards/marcxml/schema/MARC21slim.xsd"
    xmlns="http://www.loc.gov/MARC21/slim">

  <leader>01078nam a2200217 u 4500</leader>
  <controlfield tag="001">000055321</controlfield>
  <controlfield tag="005">20200120223052.0</controlfield>
  <controlfield tag="008">130605s1987    ck a   gr     000 0 spa d</controlfield>
  <datafield tag="041" ind1="0" ind2=" ">
    <subfield code="a">//spa</subfield>
  </datafield>
  <datafield tag="082" ind1="0" ind2="4">
    <subfield code="a">634.6</subfield>
    <subfield code="b">R28</subfield>
    <subfield code="2">21</subfield>
  </datafield>
  <datafield tag="111" ind1="2" ind2=" ">
    <subfield code="a">Reuni&#xF3;n T&#xE9;cnica de la Red Latinoamericana de Agroindustria de Frutas Tropicales</subfield>
    <subfield code="d">1987</subfield>
    <subfield code="c">Manizales</subfield>
  </datafield>
  <datafield tag="245" ind1="1" ind2="0">
    <subfield code="a">Producci&#xF3;n, manejo y exportaci&#xF3;n de frutas tropicales de Am&#xE9;rica Latina /</subfield>
    <subfield code="c">Reuni&#xF3;n T&#xE9;cnica de la Red Latinoamericana de Agroindustria de Frutas Tropicales ; Federaci&#xF3;n Nacional de Cafeteros, Organizaci&#xF3;n de las Naciones Unidas para la Agricultura y la Alimentaci&#xF3;n ; compilaci&#xF3;n Sandra Cu&#xE9;llar de Garc&#xED;a ; resumen y correcci&#xF3;n de estilo Mariela Escobar de Jim&#xE9;nez, Sandra Cu&#xE9;llar de Garc&#xED;a.</subfield>
  </datafield>
  <datafield tag="250" ind1=" " ind2=" ">
    <subfield code="a">1a. ed.</subfield>
  </datafield>
  <datafield tag="260" ind1=" " ind2=" ">
    <subfield code="a">Bogot&#xE1; :</subfield>
    <subfield code="b">La Federaci&#xF3;n ; FAO,</subfield>
    <subfield code="c">1987.</subfield>
  </datafield>
  <datafield tag="300" ind1=" " ind2=" ">
    <subfield code="a">262 p.</subfield>
  </datafield>
  <datafield tag="650" ind1="1" ind2="7">
    <subfield code="a">Frutas tropicales</subfield>
    <subfield code="x">Comercio</subfield>
    <subfield code="2">LEMB</subfield>
  </datafield>
  <datafield tag="650" ind1="2" ind2="7">
    <subfield code="a">Control de frutas</subfield>
    <subfield code="2">LEMB</subfield>
  </datafield>
  <datafield tag="650" ind1="2" ind2="7">
    <subfield code="a">Frutas</subfield>
    <subfield code="x">Transporte</subfield>
    <subfield code="2">LEMB</subfield>
  </datafield>
  <datafield tag="700" ind1="1" ind2=" ">
    <subfield code="a">Cu&#xE9;llar de Garc&#xED;a, Sandra,</subfield>
    <subfield code="e">comp.</subfield>
  </datafield>
  <datafield tag="700" ind1="1" ind2=" ">
    <subfield code="a">Escobar de Jim&#xE9;nez, Mariela</subfield>
  </datafield>
  <datafield tag="999" ind1=" " ind2=" ">
    <subfield code="c">4883</subfield>
    <subfield code="d">4883</subfield>
  </datafield>
  <datafield tag="952" ind1=" " ind2=" ">
    <subfield code="0">0</subfield>
    <subfield code="1">0</subfield>
    <subfield code="2">ddc</subfield>
    <subfield code="4">0</subfield>
    <subfield code="7">0</subfield>
    <subfield code="8">GEN</subfield>
    <subfield code="a">BPMOS</subfield>
    <subfield code="b">BPMOS</subfield>
    <subfield code="d">2020-01-20</subfield>
    <subfield code="i">107250</subfield>
    <subfield code="l">0</subfield>
    <subfield code="o">634.6 R28</subfield>
    <subfield code="p">MOS004125</subfield>
    <subfield code="r">2020-03-09</subfield>
    <subfield code="t">ej.1</subfield>
    <subfield code="w">2020-01-20</subfield>
    <subfield code="y">BK</subfield>
    <subfield code="z">Ocho d&#xED;as</subfield>
  </datafield>
</record>
